Η τούρτα στον ουρανό

Αποθηκεύτηκε σε:
Λεπτομέρειες βιβλιογραφικής εγγραφής
Κύριος συγγραφέας: Rodari, Gianni
Μορφή: Βιβλίο
Γλώσσα:Greek
Δημοσίευση: Αθήνα : Τεκμήριο, 1980
Θέματα:
Ετικέτες: Προσθήκη ετικέτας
Δεν υπάρχουν, Καταχωρήστε ετικέτα πρώτοι!

MARC

LEADER 00000nam a2200000 i 4500
001 1/89968
008 930924s1980 gre d
035 |a 1989  |b 2  |c Δωρεά  |l 10035879 
040 |a GR-MY-UA  |b gre  |e aacr 
041 0 |a gre 
082 0 |a 808.0683 
100 1 |a Rodari, Gianni. 
245 1 2 |a Η τούρτα στον ουρανό /  |c Τζιάνι Ροντάρι ; μετάφραση Νάσα Μπαμπάκου ; η εικονογράφηση είναι του Bruno Munari 
260 |a Αθήνα :   |b Τεκμήριο,   |c 1980 
300 |a 110 σ. 
650 0 0 |a Children's stories, Italian  |z Greece. 
650 0 0 |a Children's literature, Italian  |z Greece. 
852 |a INST  |b RHODES  |e 19930924  |h 808.0683 ROD  |p 005400003198  |q 005400003198  |t BK  |y 0 
909 |a Ρ  |b 014793  |c 1989